| 000 | 00450nam a2200145Ia 4500 | ||
|---|---|---|---|
| 008 | 220216s9999 xx 000 0 und d | ||
| 100 | _aSenanayake Y D A | ||
| 245 | 0 | _aIntraspecific variation of stomatal density in Hevea brasiliensis Muell. Arg | |
| 260 |
_bRubber Research Institute of Ceylon Quarterly Journal _c1970 |
||
| 300 | _a61-68 | ||
| 650 | _aHevea brasiliensis | ||
| 650 | _aStomatal density | ||
| 700 | _aSamaranayake P | ||
| 942 | _cJS | ||
| 999 |
_c61592 _d61592 |
||